| 000 | 00837cab a2200289 4500 | ||
|---|---|---|---|
| 001 | WB3517-06 | ||
| 008 | 090401t1999 xxu||||| |||| 00| 0 eng d | ||
| 035 | _a(Sirsi) u93158 | ||
| 041 | _aeng | ||
| 245 | _aPaddington goes off course | ||
| 260 | _c1999 | ||
| 350 | _a0 | ||
| 490 |
_aSunday Business _v2 May 1999, 7(3) |
||
| 520 | _aPaddington station, London's biggest regeneration project since Canary Wharf is suffering from the sheer scale of its ambitions as developers get cold feet. | ||
| 650 | _aBURFORD | ||
| 650 | _aCHELSFIELD | ||
| 650 | _aEUROPEAN LAND | ||
| 650 | _aLONDON | ||
| 650 | _aPADDINGTON | ||
| 650 | _aRAILWAY STATION | ||
| 650 | _aREDEVELOPMENT | ||
| 650 | _aREGALIAN PROPERTIES | ||
| 650 | _aTISHMAN SPEYER | ||
| 690 | _aPROPERTY-PROPERTY DEVELOPMENT | ||
| 942 | _n0 | ||
| 948 | _c06/05/1999 | ||
| 999 |
_c59038 _d59038 |
||